Cumhurbaşkanlığı imaj ve beklenti araştırması (Record no. 5999)

MARC details
000 -BAŞLIK
Sabit Uzunlukta Kontrol Alanı 00647na a2200217 4500
001 - KONTROL NUMARASI
Denetim Alanı 19196
003 - KONTROL NUMARASI IDENTIFIER
Denetim Alanı MIRAKIL
005 - SON İŞLEM TARİHİ VE ZAMANI
Denetim Alanı 20181213155053.0
008 - SABİT-BOY VERİ ELEMANLARI - GENEL BİLGİLER
Sabit Uzunlukta Kontrol Alanı 161209b tu 000 0
035 ## - SİSTEM KONTROL NUMARASI
Sistem Kontrol Numarası 19196
040 ## - KATALOGLAMA KAYNAK
Orijinal Kataloglama Ajansı Milas
Kataloglama Dili tur
Metne Dönüştürmek Ajansı TR-AnCHP
041 ## - DİL KODU
Metin / Ses Parça Veya Ayrı Başlığın Dil Kodu tur
082 ## - DEWEY ONLU SINIFLANDIRMA NUMARASI
Sınıflandırma Numarası 353.0312
Ürün Numarası C85 2000
090 ## - SINIFLAMA NUMARASI
Sınıflama Numarası 353.0312 C85 2000
245 ## - BAŞLIK TABLOSU
Başlık Cumhurbaşkanlığı imaj ve beklenti araştırması
Sorumluluk Tablosu, Vb Ankara Sosyal Araştırmalar Merkezi
260 ## - YAYIN, DAĞITIM, VB
Yayın, Dağıtım, Vb Yeri Ankara
Yayıncı, Dağıtıcı, Vs Adı MÜSİAD
Yayın, Dağıtım, Vb Tarihi 2000
300 ## - FİZİKSEL TANIM
Kapsam 26 s.
Diğer Fiziksel Ayrıntıları tbl.; grf.
Boyutlar 27 sm.
650 ## - KONU KATMA GİRİŞ - TOPİKAL DÖNEM
Topikal Süreli Veya Coğrafi Ad Giriş Elemanı Cumhurbaşkanlığı
Genel Alt Bölümü İmaj
Kronolojik Alt Bölümü Araştırmalar
710 ## - KATMA GİRİŞ - KURUMSAL ADI
Giriş Elemanı Olarak Kurumsal Ad Veya Yargı Alanı Adı Ankara Sosyal Araştırmalar Merkezi
942 ## - EKLENDİ GİRİŞ ELEMANLARI (KOHA)
Sınıflandırma Veya Raf Düzeni Kaynak Dewey Decimal Classification
Koha Öğesi Türü Books
999 ## - SİSTEM KONTROL NUMARALARI (KOHA)
Koha Biblionumber 5999
Koha Biblioitemnumber 5999
Holdings
Kalıcı Konum Mevcut Konum Edinme Tarihi Edinim Kaynak Toplam Check-Out'Lar Tam Çağrı Numarası Barkod Tarih Son Görülme İtibaren Geçerli Fiyatlar Koha Öğesi Türü
CHP Kütüphanesi CHP Kütüphanesi 12/09/2016 Bağış   353.0312 C85 2000 008988 12/09/2016 12/09/2016 Books